Erfolgreichste Deutsch Rapper - Statistiken

Allgemein
  • Dieses Quiz wurde 741 mal gespielt
  • Das Durchschnittsergebnis liegt bei 7 aus 13
Antwortstatistiken
Hint Antwort % Korrekt
2020 Capital Bra
89%
2019 Capital Bra
89%
2021 Bonez MC
65%
2016 Bonez MC
65%
2023 Apache 207
61%
2024 Luciano
55%
2022 Luciano
55%
2018 RAF Camora
51%
2017 RAF Camora
51%
2014 Kollegah
45%
2012 Cro
33%
2013 Alligatoah
6%
2015 K.I.Z
6%
Keine übereinstimmenden Quizze gefunden
Verteilung der Resultate
Anzahl Personen mit jedem Resultat
Perzentil nach korrekt beantworteten Fragen
Ihre Resultats-Entwicklung
Sie haben dieses Quiz noch nicht gespielt